| 000 | 01021nam a2200241 u 4500 | ||
|---|---|---|---|
| 005 | 20251203064011.0 | ||
| 008 | 180524s2003 r 000 0 eng d | ||
| 020 | _a9707021012 | ||
| 035 | _aUPN01000224937 | ||
| 050 | 4 |
_aPQ8519 Q5 _bC8.6 |
|
| 100 | 1 |
_aBarros, Jenny _937728 |
|
| 245 | 1 | 0 |
_aCuentos de amor, de locura y de muerte : _bA la deriva : Horacio Quiroga / _canálisis y propuesta didáctica Jenny Barrios. |
| 260 |
_aMéxico : _bBanco Interameriano de Desarrollo : _bUPN, _c2003. |
||
| 300 |
_a118 p. + _e3 DVD : 4 3/4 plg. |
||
| 440 | 0 |
_aPrograma interamericano de capacitación de maestros. _pSerie literatura latinoamericana ; _vmódulo 8 |
|
| 500 | _a"Proyecto: tecnología y educación a distancia en América Latina y el Caribe" | ||
| 505 | 8 | _aContenido de los 3 DVD: clase modelo | |
| 600 | 1 | 4 |
_aQUIROGA, HORACIO, _d1878-1937 - _xCRITICA E INTERPRETACION _927147 |
| 650 | 4 |
_aLiteratura _xEstudio y enseñanza _97638 |
|
| 650 | 4 |
_aIntereses en la lectura _94851 |
|
| 905 | _aLibro | ||
| 999 |
_c197034 _d197034 |
||